Evaluation : (Record no. 440)

000 -LEADER
fixed length control field 01167pam a2200301 a 4500
003 - CONTROL NUMBER IDENTIFIER
control field OSt
005 - DATE AND TIME OF LATEST TRANSACTION
control field 20210614092124.0
008 - FIXED-LENGTH DATA ELEMENTS--GENERAL INFORMATION
fixed length control field 920930s1993 cau b 001 0 eng
020 ## - INTERNATIONAL STANDARD BOOK NUMBER
International Standard Book Number 0803944586
040 ## - CATALOGING SOURCE
Transcribing agency DLC
050 00 - LIBRARY OF CONGRESS CALL NUMBER
Classification number H62
Item number .R666 1993
100 1# - MAIN ENTRY--PERSONAL NAME
Personal name Rossi, Peter H.
Dates associated with a name 1921-2006.
245 10 - TITLE STATEMENT
Title Evaluation :
Remainder of title a systematic approach /
Statement of responsibility, etc. Peter H. Rossi, Howard E. Freeman.
250 ## - EDITION STATEMENT
Edition statement 5th ed.
260 ## - PUBLICATION, DISTRIBUTION, ETC.
Place of publication, distribution, etc. Newbury Park, Calif. :
Name of publisher, distributor, etc. Sage Publications,
Date of publication, distribution, etc. c1993.
300 ## - PHYSICAL DESCRIPTION
Extent xii, 488 p. ;
Dimensions 24 cm.
504 ## - BIBLIOGRAPHY, ETC. NOTE
Bibliography, etc. note Includes bibliographical references (p. 456-474) and indexes.
650 #0 - SUBJECT ADDED ENTRY--TOPICAL TERM
Topical term or geographic name entry element Evaluation research (Social action programs)
700 1# - ADDED ENTRY--PERSONAL NAME
Personal name Freeman, Howard E.
856 41 - ELECTRONIC LOCATION AND ACCESS
Uniform Resource Identifier http://www.loc.gov/catdir/enhancements/fy0655/92037082-t.html
856 42 - ELECTRONIC LOCATION AND ACCESS
Uniform Resource Identifier http://www.loc.gov/catdir/enhancements/fy0660/92037082-d.html
906 ## - LOCAL DATA ELEMENT F, LDF (RLIN)
a 7
b cbc
c orignew
d 1
e ocip
f 19
g y-gencatlg
942 ## - ADDED ENTRY ELEMENTS (KOHA)
Source of classification or shelving scheme
Koha item type Book
Suppress in OPAC SO
Holdings
Withdrawn status Lost status Source of classification or shelving scheme Damaged status Not for loan Permanent Location Current Location Shelving location Date acquired Total Checkouts Full call number Barcode Date last seen Price effective from Koha item type Public note
          AU LIBRARY AU LIBRARY Open Shelf 14.06.2021   H62 .R666 1993 28000110 14.06.2021 14.06.2021 Book SO

Powered by Koha